Schnelle Mathematik - Addition Level 13 - Statistiken

Allgemein
  • Dieses Quiz wurde 137 mal gespielt
  • Das Durchschnittsergebnis liegt bei 42 aus 60
Antwortstatistiken
Frage Antwort % Korrekt
4+9 13
100%
11+7 18
100%
10+9 19
94%
8+10 18
93%
4+10 14
92%
4+0 4
92%
0+9 9
92%
12+10 22
91%
10+5 15
90%
5+1 6
90%
6+8 14
89%
9+10 19
89%
2+4 6
89%
9+4 13
88%
12+11 23
88%
4+2 6
88%
1+7 8
87%
9+7 16
85%
11+5 16
85%
6+11 17
85%
1+11 12
83%
3+9 12
83%
8+5 13
83%
2+5 7
83%
4+3 7
83%
1+10 11
82%
0+12 12
82%
6+6 12
82%
10+4 14
81%
1+0 1
80%
7+4 11
80%
2+12 14
80%
12+5 17
80%
12+8 20
80%
1+4 5
80%
3+3 6
80%
0+8 8
80%
6+5 11
79%
10+12 22
79%
0+7 7
79%
6+2 8
79%
7+1 8
79%
7+2 9
79%
9+5 14
78%
5+10 15
77%
8+11 19
77%
0+2 2
77%
11+10 21
77%
0+6 6
77%
1+8 9
77%
8+6 14
76%
6+10 16
76%
0+0 0
75%
0+1 1
75%
1+9 10
75%
9+1 10
75%
5+6 11
75%
10+1 11
75%
10+2 12
75%
5+8 13
75%
7+6 13
75%
10+3 13
75%
11+3 14
75%
9+8 17
75%
4+6 10
73%
5+7 12
73%
1+12 13
73%
2+11 13
73%
12+1 13
73%
7+7 14
73%
3+12 15
73%
11+4 15
73%
5+11 16
73%
7+9 16
73%
10+10 20
73%
11+11 22
73%
0+5 5
73%
4+1 5
73%
4+4 8
73%
6+9 15
72%
12+4 16
72%
9+2 11
71%
9+3 12
71%
11+2 13
71%
8+8 16
71%
10+7 17
71%
12+9 21
71%
5+2 7
71%
8+0 8
71%
8+1 9
71%
9+0 9
71%
0+10 10
70%
5+9 14
70%
7+11 18
70%
5+5 10
69%
3+8 11
69%
11+1 12
69%
9+6 15
69%
5+0 5
69%
1+5 6
69%
3+6 9
69%
2+8 10
67%
6+4 10
67%
10+0 10
67%
8+4 12
67%
6+7 13
67%
7+8 15
67%
4+12 16
67%
5+12 17
67%
11+6 17
67%
1+1 2
67%
9+12 21
67%
0+3 3
67%
3+0 3
67%
1+3 4
67%
3+1 4
67%
3+4 7
67%
2+7 9
67%
5+4 9
67%
2+3 5
65%
8+7 15
64%
6+12 18
64%
9+9 18
64%
10+11 21
64%
2+2 4
64%
3+7 10
63%
8+3 11
63%
12+3 15
63%
10+6 16
63%
12+6 18
63%
4+5 9
63%
12+0 12
62%
4+11 15
62%
6+1 7
62%
3+11 14
61%
8+2 10
60%
0+11 11
60%
4+7 11
60%
2+10 12
60%
7+10 17
60%
11+9 20
60%
12+12 24
60%
1+6 7
60%
9+11 20
59%
7+3 10
58%
11+0 11
58%
4+8 12
58%
7+12 19
58%
11+12 23
58%
7+0 7
58%
6+3 9
57%
12+7 19
56%
3+5 8
55%
7+5 12
54%
1+2 3
54%
3+2 5
54%
11+8 19
53%
2+9 11
50%
3+10 13
50%
12+2 14
50%
10+8 18
50%
8+12 20
50%
2+6 8
50%
8+9 17
42%
5+3 8
42%
2+0 2
40%
6+0 6
38%
2+1 3
33%
0+4 4
33%
Keine übereinstimmenden Quizze gefunden
Verteilung der Resultate
Anzahl Personen mit jedem Resultat
Perzentil nach korrekt beantworteten Fragen
Ihre Resultats-Entwicklung
Sie haben dieses Quiz noch nicht gespielt